Výzva, ktorá čaká na nasledovateľov

Podrobná bibliografia
Hlavný autor: Baľo, Jozef (Autor)
Médium: Článok
Jazyk:slovenčina
Predmet:

MARC

LEADER 00000nab a2200000 a 4500
001 vtls000132462
003 SK-MaSNL
005 20260303032324.0
008 111104c1982 xo 0 slo
015 |a SNBRB19rr/mm-uuuuu 
035 |a CL0142568 
040 |a SNKBUCL  |b slo  |c SNKBUCL  |e AACR2 
041 0 |a slo 
044 |a xo  |c SK 
080 |a 656.1/.5  |2 1981 
080 |a 331.876  |2 1981 
100 1 |a Baľo, Jozef  |4 aut  |9 591949 
245 1 0 |a Výzva, ktorá čaká na nasledovateľov  |c Jozef Baľo 
610 7 |a Československá automobilová doprava (Košice, Slovensko)  |2 snkbucl  |9 591946 
650 0 7 |a podniky dopravné  |x Československá automobilová doprava (Košice, Slovensko)  |x palivá  |x spotreba  |2 snkbucl  |9 1015054 
651 7 |a 5403  |2 snkbucl  |9 893808 
655 7 |a články z novín a časopisov  |2 snkbucl  |9 267496 
773 0 |t Pravda  |g Roč. 63, č. 297 (15. 12. 1982), s. 3 
850 |a Slovenská národná knižnica v Martine  |a MTA001 
852 |a SNK  |b KIS3GCP 
958 |a RK 
992 |a RBX 
999 |c 1663733  |d 1665663